00425nam a2200169Ia 4500003000400000005001700004008004100021020001500062040000700077041000800084082001700092100002300109245006000132260004000192300001100232365001200243OSt20230405104824.0210423s2007 xx 000 0 und d a8130904500 cAL aeng a809.935 BLOH aBLOOM (Harold),Ed. aViva blooms notes F Scott Fitzgeralds the great Gatsby. aNew DelhibViva Books Pvt Ltdc2007 a87bPB b70cINR